000
00273nam a2200109Ia 4500
008
200302s9999 xx 000 0 und d
100
_a
Roger Yee
245
_a
Hotel and Restaurant Design No 2
260
_b
Visual Reference publications Inc.
260
_c
2008
300
_a
263
999
_c
3728
_d
3728